| 000 | 00508nam a22001817a 4500 | ||
|---|---|---|---|
| 003 | OSt | ||
| 005 | 20260303000939.0 | ||
| 008 | 260202b |||||||| |||| 00| 0 eng d | ||
| 020 | _a978-0-307-38881-0 | ||
| 040 |
_aDWCL-Main Lib _cOC |
||
| 082 | _aFic. M357 1988 | ||
| 100 | _aMarquez, Gabriel G. | ||
| 245 | _aLove in the time of cholera : a novel | ||
| 260 |
_aNew York : _bRandom House, Inc., _cc1988 |
||
| 300 |
_a434 p. ; _c21 cm. |
||
| 700 |
_aGROSSMAN, EDITH _eTranslator |
||
| 942 |
_2ddc _cFIC. _mFic. _n0 |
||
| 999 |
_c8148 _d8148 |
||